Największe miasta na każdym stopniu szerokości geograficznej - Statystyki

Ogólne statystyki
  • Ten quiz został rozwiązany 1 144 razy
  • Średni wynik to 51 z 131
Odpowiedzi na mapie
Odpowiedzi zakodowano w zielono-czerwonej skali na mapie do tego quizu, zgodnie z poniższymi procentami.
 
Statystyki odpowiedzi
Szerokość geograficzna Miasta % Poprawnych
56º N Moskwa | Kopenhaga | Niżny Nowogród
93%
41º N Nowy Jork | Stambuł | Barcelona
93%
40º N Pekin | Filadelfia | Madryt
92%
51º N Londyn | Kolonia | Bruksela
90%
36º N Tokio | Teheran | Qingdao
89%
49º N Paryż | Vancouver | Stuttgart
88%
60º N Petersburg | Helsinki | Oslo
86%
53º N Berlin | Liverpool | Sheffield
84%
34º S Sydney | Kapsztad | Port Elizabeth
83%
19º N Mumbaj | Meksyk | Pune
81%
30º N Kair | Hangzhou | Chongqing
79%
50º N Kijów | Frankfurt nad Menem | Katowice
79%
34º N Los Angeles | Xi'an | Atlanta
79%
59º N Sztokholm | Kirow | Tallinn
79%
35º S Buenos Aires | Montevideo | Adelaide
78%
38º N Seul | San Francisco | Shijiazhuang
75%
23º S Rio de Janeiro | Campinas | Duque de Caxias
74%
42º N Chicago | Shenyang | Boston
73%
31º N Szanghaj | Chengdu | Wuhan
71%
16º S Brasília | La Paz | Arequipa
70%
29º N Delhi | Nanchang | Kuwejt
69%
54º N Manchester | Hamburg | Leeds
65%
15º N Manila | Dakar | Gwatemala
65%
33º S Santiago | Rosario | Mendoza
65%
45º N Mediolan | Montréal | Minneapolis
64%
48º N Seattle | Budapeszt | Monachium
64%
39º N Tiencin | Waszyngton | Dalian
64%
37º N Jinan | Algier | Zibo
63%
12º S Lima | Lubumbashi | Feira de Santana
63%
33º N Dallas | Bagdad | Isfahan
62%
6º S Dżakarta | Mbuji-Mayi | Natal
62%
26º N Miami | Monterrey | Fuzhou
62%
44º N Toronto | Changchun | Urumczi
62%
24º S São Paulo | Santos | Sorocaba
61%
5º N Bogota | Abidżan | Port Harcourt
60%
14º N Bangkok | San Salvador | Niamey
59%
25º N Karaczi | Tajpej | Rijad
59%
22º N Kolkata | Hongkong | Dżedda
59%
6º N Lagos | Akra | Medellín
59%
35º N Osaka | Nagoja | Zhengzhou
56%
9º N Addis Abeba | Abudża | Panama
55%
57º N Jekaterynburg | Ryga | Iżewsk
55%
32º S Perth | Santa Fe | San Juan
55%
43º N Sapporo | Ałmaty | Marsylia
55%
26º S Johannesburg | Maputo | Joinville
54%
Kampala | Quito | Libreville
53%
11º N Ho Chi Minh | Caracas | Coimbatore
52%
64º N Reykjavík | Uchta | Umeå
52%
4º S Kinszasa | Fortaleza | Brazzaville
51%
38º S Melbourne | Mar del Plata | Geelong
51%
1º S Nairobi | Belém | Padang
50%
46º N Harbin | Portland | Lyon
49%
1º N Singapur | Kisangani | Batam
49%
41º S Wellington | Puerto Montt | Osorno
49%
3º N Kuala Lumpur | Cali | Seremban
48%
21º N Surat | Guadalajara | Hanoi
48%
52º N Zagłębie Ruhry | Rotterdam | Birmingham
48%
16º N Chartum | San Pedro Sula | Da Nang
46%
24º N Dhaka | Xiamen | Taichung
46%
37º S Auckland | Talcahuano | Concepcion
43%
23º N Kanton | Ahmadabad | Shantou
43%
55º N Nowosybirsk | Newcastle | Czelabińsk
42%
19º S Antananarywa | Uberlândia | Chimoio
41%
47º N Daqing | Zurych | Rostów nad Donem
40%
69º N Murmańsk | Norylsk | Tałnach
38%
18º N Santo Domingo | Wiśakhapatnam | San Juan
38%
25º S Kurytyba | Asunción | Salta
37%
9º S Luanda | Denpasar | N'dalatando
37%
2º N Mogadiszu | Kuching | Popayán
37%
58º N Perm | Jarosław | Göteborg
36%
63º N Trondheim | Nojabr´sk | Kuopio
34%
13º N Bengaluru | Ćennaj | Bamako
33%
12º N Kano | Wagadugu | Phnom Penh
31%
10º N Cebu | Konakry | San José
29%
27º S Brisbane | San Miguel de Tucuman | Vereeniging
28%
7º N Kolombo | Ibadan | Kumasi
28%
15º S Lusaka | Nampula | Vitória da Conquista
28%
20º S Belo Horizonte | Vitória | Campo Grande
27%
3º S Manaus | Palembang | São Luís
27%
65º N Archangielsk | Sewerodwińsk | Oulu
25%
7º S Bandung | Dar es Salaam | Surabaja
25%
30º S Porto Alegre | Durban | Pietermaritzburg
24%
18º S Santa Cruz | Harare | Tacna
24%
70º N Tromsø | Alta
24%
8º N Freetown | Ilorin | Cúcuta
23%
2º S Guayaquil | Kigali | Jambi
23%
4º N Medan | Jaunde | Duala
22%
62º N Pietrozawodsk | Jakuck | Syktywkar
22%
61º N Surgut | Anchorage | Niżniewartowsk
22%
17º N Hajdarabad | Rangun | Widźajawada
20%
14º S Lilongwe | Cuzco | Ica
20%
8º S Recife | Yogyakarta | Malang
20%
44º S Christchurch | Timaru | Ashburton
18%
32º N Lahaur | Nanjing | Hefei
18%
31º S Córdoba | Concordia | Salto
17%
29º S Bloemfontein | Caxias do Sul | Botshabelo
16%
43º S Hobart | Trelew | Puerto Madryn
15%
13º S Salvador | Benguela | Kitwe
15%
55º S Ushuaia
11%
28º N Changsha | Wenzhou | Tampa
10%
27º N Guiyang | Dźajpur | Lucknow
10%
67º N Workuta | Kandałaksza | Salechard
9%
28º S Florianopolis | Gold Coast | Welkom
8%
17º S Goiânia | Cochabamba | Montes Claros
8%
53º S Punta Arenas
8%
20º N Haikou | Nashik | Bhubaneswar
7%
5º S Makasar | Bandar Lampung | Pointe-Noire
7%
71º N Barrow | Czokurdach | Uummannaq
6%
46º S Comodoro Rivadavia | Dunedin | Invercargill
6%
52º S Río Gallegos | Puerto Natales | Stanley
6%
39º S Bahía Blanca | Neuquén | Temuco
4%
78º N Longyearbyen
4%
10º S Maceió | Kupang | Rio Branco
4%
54º S Rio Grande | Grytviken
4%
68º N Apatyty | Monczegorsk | Kirowsk
3%
11º S Aracaju | Likasi | Kolwezi
3%
42º S Castro | Ancud | Blenheim
3%
74º N Dikson
3%
50º S El Calafate | Comandante Luis Piedrabuena
3%
22º S Juiz de Fora | Campos do Jordão | Bauru
3%
36º S Linares | General Pico | Whangarei
3%
66º N Nowy Urengoj | Nadym | Usinsk
3%
45º S Puerto Aysén | Oamaru | Queenstown
3%
77º N Qaanaaq
3%
21º S Ribeirão Preto | São José do Rio Preto | Franca
3%
72º N Tiksi | Chatanga | Saskyłach
3%
40º S Valdivia | Hastings | Palmerston North
3%
47º S Pico Truncado | Perito Moreno | Cochrane
2%
48º S Puerto Deseado
2%
49º S Puerto San Julián | El Chaltén | Port-aux-Français
2%
73º N Upernavik | Arctic Bay
2%
Nie znaleziono quizów pasujących do podanych kryteriów
Rozkład punktacji
Procent ludzi z każdym wynikiem
Percentyl według liczby udzielonych odpowiedzi
Twoja historia wyników
Nie rozwiązałeś tego quizu